America's Next Top Model Contestants Quiz Stats

 Plays Quiz Updated Mar 15, 2018

Score 0/297 Timer 17:00
0 Plays Today
Cycle Contestant % Correct
Cycle 3Ann
82.1%
Cycle 15Ann
79.9%
Cycle 1Nicole
79.5%
Cycle 3Nicole
79.5%
Cycle 5Nicole
79.5%
Cycle 13Nicole
79.5%
Cycle 2Sara
79%
Cycle 6Sara
79%
Cycle 5Lisa
78.5%
Cycle 9Lisa
78.5%
Cycle 13Lisa
78.5%
Cycle 15Sara
76.7%
Cycle 4Brittany
76.2%
Cycle 8Brittany
76.2%
Cycle 11Brittany
76.2%
Cycle 13Brittany
76.2%
Cycle 3Eva
76.2%
Cycle 13Laura
75.4%
Cycle 4Sarah
74.9%
Cycle 5Sarah
74.9%
Cycle 8Sarah
74.9%
Cycle 9Sarah
74.9%
Cycle 10Allison
74.2%
Cycle 12Allison
74.2%
Cycle 1Shannon
74.1%
Cycle 1Adrianne
74%
Cycle 3Amanda
73.5%
Cycle 7Amanda
73.5%
Cycle 5Bre
72.3%
Cycle 8Whitney
72.2%
Cycle 10Whitney
72.2%
Cycle 6Danielle
72.1%
Cycle 4Michelle
71.4%
Cycle 7Michelle
71.4%
Cycle 16Nicole
71.1%
Cycle 16Sara
70.8%
Cycle 17Lisa
70.8%
Cycle 2Anna
70.5%
Cycle 7CariDee
69.8%
Cycle 9Kimberly
69.4%
Cycle 10Kimberly
69.4%
Cycle 5Kim
69.3%
Cycle 6Jade
69%
Cycle 18Laura
68.7%
Cycle 19Laura
68.7%
Cycle 8Samantha
68.7%
Cycle 11Samantha
68.7%
Cycle 13Jennifer
68.4%
Cycle 2Yoanna
68.3%
Cycle 7Melrose
68.2%
Cycle 10Lauren
68.1%
Cycle 17Brittany
68.1%
Cycle 11Lauren Brie
68.1%
Cycle 19Brittany
68%
Cycle 17Laura
67.9%
Cycle 5Nik
67.9%
Cycle 4Naima
67.7%
Cycle 15Chris
67.6%
Cycle 18Ashley 'Kyle'
67.4%
Cycle 8Jaslene
67.3%
Cycle 17Allison
66.7%
Cycle 3Yaya
66.4%
Cycle 12Jessica
66.3%
Cycle 17Shannon
66.3%
Cycle 20Chris
66%
Cycle 20Chris
66%
Cycle 14Jessica
65.8%
Cycle 2Heather
65.8%
Cycle 9Heather
65.8%
Cycle 9Bianca
65.6%
Cycle 13Bianca
65.6%
Cycle 18Ashley 'AzMarie'
65.3%
Cycle 2Mercedes
65%
Cycle 11McKey
65%
Cycle 8Natasha
65%
Cycle 5Ashley
64.9%
Cycle 13Ashley
64.9%
Cycle 17Bre
64.5%
Cycle 11Hannah
64.5%
Cycle 1Katie
64.4%
Cycle 1Robin
64.3%
Cycle 1Elyse
64.3%
Cycle 10Dominique
64%
Cycle 18Ashley
63.9%
Cycle 15Jane
63.8%
Cycle 1Ebony
63.7%
Cycle 5Ebony
63.7%
Cycle 9Ebony
63.7%
Cycle 6Joanie
63.5%
Cycle 14Ren
63.2%
Cycle 11Isis
63.2%
Cycle 9Saleisha
62.3%
Cycle 10Anya
62.1%
Cycle 4Christina
62.1%
Cycle 14Angelea
62%
Cycle 8Renee
61.7%
Cycle 20Alexandra
61.7%
Cycle 4Rebecca
61.6%
Cycle 2Camille
61.5%
Cycle Contestant % Correct
Cycle 2Shandi
60.5%
Cycle 4Tiffany
60.4%
Cycle 9Chantal
60.4%
Cycle 22Ashley
60.2%
Cycle 2April
60%
Cycle 12Teyona
60%
Cycle 15Kayla
59.9%
Cycle 11Analeigh
59.5%
Cycle 4Kahlen
59.2%
Cycle 13Erin
59.2%
Cycle 7Megan
59.1%
Cycle 14Krista
59.1%
Cycle 10Fatima
59%
Cycle 14Alexandra
58.8%
Cycle 6Brooke
58.7%
Cycle 7Brooke
58.7%
Cycle 17Bianca
58.5%
Cycle 16Hannah
58.4%
Cycle 20Bianca 'Kanani'
58.4%
Cycle 20Bianca
58.2%
Cycle 20Renee
58.2%
Cycle 11Sheena
57.9%
Cycle 16Dominique
57.4%
Cycle 17Dominique
57.4%
Cycle 8Diana
57.3%
Cycle 3Toccara
56.9%
Cycle 17Isis
56.8%
Cycle 7Eugena
56.7%
Cycle 9Victoria
56.6%
Cycle 12Natalie
56.5%
Cycle 13Rachel
56.5%
Cycle 7Monique
56.3%
Cycle 18Sophie
56.3%
Cycle 19Victoria
56.2%
Cycle 16Molly
56.2%
Cycle 17Angelea
56.1%
Cycle 8Jael
56%
Cycle 6Gina
56%
Cycle 5Cassandra
56%
Cycle 8Cassandra
56%
Cycle 12Fo
55.9%
Cycle 5Jayla
55.7%
Cycle 14Raina
55.7%
Cycle 4Keenyah
55.6%
Cycle 5Diane
55.4%
Cycle 6Furonda
55.4%
Cycle 17Camille
55.1%
Cycle 5Kyle
55%
Cycle 17Kayla
54.9%
Cycle 11Marjorie
54.9%
Cycle 1Kesse
54.8%
Cycle 9Jenah
54.7%
Cycle 4Brita
54.5%
Cycle 1Giselle
54.5%
Cycle 16Alexandria
54.4%
Cycle 17Alexandria
54.3%
Cycle 3Norelle
54.3%
Cycle 12Celia
54.2%
Cycle 2Catie
54.2%
Cycle 6Mollie Sue
53.8%
Cycle 7Anchal
53.6%
Cycle 8Dionne
53.5%
Cycle 3Jennipher
53.4%
Cycle 3Julie
53.4%
Cycle 10Katarzyna
53.3%
Cycle 20Cory
53.3%
Cycle 2Xiomara
53.2%
Cycle 6Nnenna
53%
Cycle 6Wendy
53%
Cycle 7Jaeda
52.9%
Cycle 13Courtney
52.9%
Cycle 15Liz
52.6%
Cycle 7AJ
52.6%
Cycle 3Cassie
52.5%
Cycle 12Aminat
52.5%
Cycle 10Stacy-Ann
52.5%
Cycle 17Sheena
52.2%
Cycle 3Kristi
52.1%
Cycle 10Claire
52.1%
Cycle 4Tatiana
52.1%
Cycle 15Chelsey
52%
Cycle 16Brittani
51.9%
Cycle 13Sundai
51.9%
Cycle 4Noelle
51.7%
Cycle 1Tessa
51.7%
Cycle 2Bethany
51.6%
Cycle 11Elina
51.6%
Cycle 7Megg
51.4%
Cycle 6Kathy
51%
Cycle 4Brandy
50.9%
Cycle 4Lluvy
50.7%
Cycle 10Aimee
50.7%
Cycle 16Monique
50.5%
Cycle 19Maria
50.4%
Cycle 6Leslie
50.2%
Cycle 3Leah
50.1%
Cycle 20Jourdan
49.9%
Cycle 11Clark
49.8%
Cycle 6Kari
49.7%
Cycle Contestant % Correct
Cycle 12Sandra
49.5%
Cycle 10Amis
49.3%
Cycle 9Janet
49%
Cycle 13Rae
48.9%
Cycle 12London
48.8%
Cycle 3Kelle
48.8%
Cycle 2Jenascia
48.8%
Cycle 8Kathleen
48.7%
Cycle 18Catherine
48.6%
Cycle 22Nyle
48.4%
Cycle 14Brenda
48.3%
Cycle 3Magdalena
48.1%
Cycle 8Felicia
47.9%
Cycle 22Courtney
47.9%
Cycle 12Isabella
47.8%
Cycle 7Christian
47.7%
Cycle 13Kara
47.4%
Cycle 9Ambreal
46.6%
Cycle 20Marvin
46.5%
Cycle 5Coryn
46.2%
Cycle 12Tahlia
46.2%
Cycle 14Gabrielle
46%
Cycle 21Kari
45.9%
Cycle 11Joslyn
45.6%
Cycle 15Terra
45.6%
Cycle 15Esther
45.4%
Cycle 9Mila
45%
Cycle 14Alasia
45%
Cycle 10Marvita
44.9%
Cycle 20Mike
44.8%
Cycle 13Lulu
44.8%
Cycle 11ShaRaun
44.7%
Cycle 14Tatianna
44.6%
Cycle 12Kortnie
44.5%
Cycle 18Eboni
44.4%
Cycle 21Keith
44.4%
Cycle 21William
44.3%
Cycle 15Kendal
44.2%
Cycle 15Anamaria
43.4%
Cycle 15Lexie
43.3%
Cycle 14Anslee
43.2%
Cycle 19Kristin
42.6%
Cycle 15Kacey
42.5%
Cycle 11Nikeysha
42.4%
Cycle 19Leila
42%
Cycle 19Leila
42%
Cycle 15Rhianna
41.9%
Cycle 10Atalya
41.8%
Cycle 14Simone
41.7%
Cycle 20Nina
41.6%
Cycle 14Naduah
41.4%
Cycle 20Don
41.3%
Cycle 16Jaclyn
40.7%
Cycle 16Kasia
40.7%
Cycle 18Louise
40.7%
Cycle 19Jessie
40.3%
Cycle 21Adam
40.3%
Cycle 18Annaliese
40.1%
Cycle 19Kiara
39.4%
Cycle 18Alisha
39.4%
Cycle 12Nijah
39.1%
Cycle 22Michael
38.7%
Cycle 22Mamé
38.6%
Cycle 20Phil
38.4%
Cycle 18Mariah
37.9%
Cycle 16Ondrei
37.7%
Cycle 16Angelia
37.4%
Cycle 20Jeremy
37%
Cycle 18Seymone
36.9%
Cycle 22Lacey
36.7%
Cycle 16Mikaela
36.7%
Cycle 21Lenox
36.4%
Cycle 22Justin
36.3%
Cycle 21Shei
35.5%
Cycle 19Destiny
35.4%
Cycle 22Ava
35.2%
Cycle 16Dalya
34.7%
Cycle 22Dustin
34.6%
Cycle 19Nastasia
34.4%
Cycle 21Denzel
34.3%
Cycle 18Candace
34.2%
Cycle 21Chantelle
33.8%
Cycle 18Jasmia
33.3%
Cycle 19Yvonne
33.2%
Cycle 21Romeo
33.1%
Cycle 22Devin
32.7%
Cycle 21Mirjana
32.6%
Cycle 20Chlea
32.6%
Cycle 21Ben
32.2%
Cycle 22Bello
31.8%
Cycle 21Ivy
31.8%
Cycle 20Jiana
31.6%
Cycle 21Matthew
31.4%
Cycle 19Darian
31.3%
Cycle 22Hadassah
31.1%
Cycle 19Allyssa
31%
Cycle 22Stefano
29.1%
Cycle 21Raelia
28.6%
Cycle 22Delanie
28.6%

You're not logged in!

Compare scores with friends on all Sporcle quizzes.
OR
Log In

Sporcle TV

Today on Sporcle TV


Watch our educational content, quiz creation guides, and fun videos on Sporcle TV.

Show Comments

Extras

Top Quizzes Today


Score Distribution

Your Account Isn't Verified!

In order to create a playlist on Sporcle, you need to verify the email address you used during registration. Go to your Sporcle Settings to finish the process.

Report this User

Report this user for behavior that violates our Community Guidelines.

Details: